00446 2200193 4500001002100000005001500021007000300036008004100039020001800080035002000098082001000118084001600128100001100144245001100155250000600166260003200172300003100204990001700235INLIS00000000000004220230223094844ta230223 b 0 ind  a979-8399-00-3 a0010-0223000009 a959.8 a959.8 RUD m0 aRudini1 aMaluku a- aJakarta :bIntermasa,c1992 a403 :bilus. ;c23,5 cme- a00037/R/1992